00781nam a2200241Ia 450000500170000000800410001702000180005810000330007624500440010925000180015330000250017149000450019665000340024165000380027565000310031365000340034426400270037833600270040533700330043233800280046504000350049308400110052820220317001312.0161108s2002 ck a g 000 0 spa  a97895842098631 aCarpentier, Alejod1904-198013aEl siglo de las lucescAlejo Carpentier a1a. edición a417 páginasc21 cm aBiblioteca hispanoamericana del siglo XX142LEMBaNovela cubanaySiglo XX142LEMBaLiteratura cubanaySiglo XX142LEMB aNovela histórica 142LEMBaGuerra en la literatura aBogotábEspasac2002 atextobtxt2rdacontent asin mediaciónbn2rdamedia avolumenbnc2rdacarrier aCO-BoRNBPbspaerdacCO-BoRNBP aN CAR1